Science Quiz

Random Science or Numbers Quiz

6x6 Math Grid Puzzle II Quiz Stats

 Plays Quiz Updated Mar 6, 2018

Challenge
Share
Tweet
Score 0/12 Timer 06:00
0 Plays Today
% Correct
???
66.5%
???
60.2%
???
56.1%
???
55.6%
???
47.6%
???
46.4%
???
46.3%
???
39%
???
34.8%
???
30.6%
???
28.7%
???
26.4%

You're not logged in!

Compare scores with friends on all Sporcle quizzes.
OR
Log In

You Might Also Like...

Show Comments

Extras

Top Quizzes Today


Score Distribution

Your Account Isn't Verified!

In order to create a playlist on Sporcle, you need to verify the email address you used during registration. Go to your Sporcle Settings to finish the process.

Report this User

Report this user for behavior that violates our Community Guidelines.

Details: